| 000 | 00745nmc a2200289 a 4500 | ||
|---|---|---|---|
| 003 | AR-BaBNM | ||
| 005 | 20251128204452.0 | ||
| 008 | 037019s1990 ||||||||||||||000 | spa|| | ||
| 020 | _a950-07-0633-4 | ||
| 040 | _cAR-BaBNM | ||
| 100 | 0 | _aCanela | |
| 245 | 1 | 0 | _aPara cuando llueve |
| 260 |
_aBuenos Aires _bSudamericana _c1990 |
||
| 300 |
_a14 p. _bil. |
||
| 490 | 0 |
_aLibros del bolsillo _vv. 10 |
|
| 500 | _aContiene nota de la editora a los lectores | ||
| 650 | 4 | _aLITERATURA ARGENTINA | |
| 650 | 4 | _aLITERATURA INFANTIL | |
| 650 | 4 | _aPOESIA | |
| 650 | 4 | _aLIBROS PARA NINOS | |
| 650 | 4 | _aCUENTOS DE ANIMALES | |
| 655 | _aLITERATURA | ||
| 700 | 1 |
_aRojas, Oscar _eilustrador |
|
| 800 | 0 | _aCanela | |
| 942 | _cBK | ||
| 998 | _cLAURA | ||
| 999 |
_c7543 _d7543 |
||